[Event "Girona-ch Seniors"]
[Site "Girona"]
[Date "2018.02.20"]
[Round "3.1"]
[White "Cruanas Ruart, Josep"]
[Black "Ayllon Rodriguez, Joan Pedro"]
[Result "1/2-1/2"]
[WhiteElo "1903"]
[BlackElo "2142"]
[PlyCount "67"]
[EventDate "2018.02.06"]
[EventType "swiss"]
[EventRounds "6"]
[EventCountry "ESP"]
[SourceTitle "EXT 2024"]
[Source "ChessBase"]
[SourceDate "2023.10.10"]
[SourceVersion "1"]
[SourceVersionDate "2023.10.10"]
[SourceQuality "1"]

1. d4 d5 2. Nf3 e6 3. g3 Be7 4. Bg2 f5 5. 0-0 Nf6 6. c4 c6 7. Nc3 0-0 8. c5 b6 9. b4 Ne4 10. Bb2 a5 11. a3 b5 12. Qc2 axb4 13. axb4 Na6 14. Qb3 Bf6 15. e3 Ra7 16. Rfd1 Raf7 17. Ne5 Bxe5 18. dxe5 Nxc3 19. Bxc3 Nb8 20. Rd2 Nd7 21. f4 g5 22. Rda2 g4 23. Qa3 h5 24. Qa5 Qxa5 25. Rxa5 Bb7 26. Ra7 Rb8 27. Kf2 Rh7 28. Kg1 Kf8 29. Kf2 Ke8 30. Rh1 h4 31. Raa1 hxg3+ 32. hxg3 Rxh1 33. Rxh1 Ra8 34. Ra1 1/2-1/2

[Event "Catalunya Vilanova Salt 35th"]
[Site "Salt"]
[Date "2009.06.12"]
[Round "8.6"]
[White "Cruanas Ruart, Josep"]
[Black "Gubau Nadal, Ricard"]
[Result "1-0"]
[WhiteElo "2041"]
[BlackElo "1825"]
[PlyCount "77"]
[EventDate "2009.04.17"]
[EventType "swiss"]
[EventRounds "9"]
[EventCountry "ESP"]
[SourceTitle "EXT 2024"]
[Source "ChessBase"]
[SourceDate "2023.10.10"]
[SourceVersion "1"]
[SourceVersionDate "2023.10.10"]
[SourceQuality "1"]

1. e4 d6 2. d4 Nf6 3. Nc3 Nbd7 4. g4 e5 5. g5 exd4 6. Qxd4 Nh5 7. Be2 c5 8. Qd1 g6 9. Bxh5 gxh5 10. Qxh5 Ne5 11. Qe2 Be7 12. f4 Nc6 13. Be3 Qa5 14. Qb5 Bg4 15. Qxb7 Rc8 16. Qb5 f6 17. h3 Bh5 18. Qxa5 Nxa5 19. b3 fxg5 20. fxg5 h6 21. h4 hxg5 22. hxg5 Kf7 23. Nge2 Rcg8 24. 0-0-0 Bxg5 25. Bxg5 Rxg5 26. Rxd6 Re8 27. Nf4 Bg6 28. Nxg6 Rxg6 29. Rh7+ Kg8 30. Rxg6+ Kxh7 31. Ra6 Nb7 32. Rxa7 Re7 33. Nd5 Rf7 34. e5 Kg6 35. e6 Rf1+ 36. Kb2 Nd6 37. Rd7 Ne8 38. Rd8 Rf8 39. Nc7 1-0

[Event "Girona-ch Seniors"]
[Site "Salt"]
[Date "2008.02.28"]
[Round "7.1"]
[White "Cruanas Ruart, Josep"]
[Black "Molinero Ortego, Josep"]
[Result "1-0"]
[WhiteElo "2089"]
[BlackElo "1899"]
[PlyCount "23"]
[EventDate "2008.01.17"]
[EventType "swiss"]
[EventRounds "7"]
[EventCountry "ESP"]
[SourceTitle "EXT 2024"]
[Source "ChessBase"]
[SourceDate "2023.10.10"]
[SourceVersion "1"]
[SourceVersionDate "2023.10.10"]
[SourceQuality "1"]

1. e4 c5 2. Nf3 Nc6 3. d4 cxd4 4. Nxd4 e6 5. Nc3 Bb4 6. Ndb5 d6 7. a3 Bxc3+ 8. Nxc3 a6 9. Bf4 e5 10. Be3 h6 11. Nd5 Nf6 12. Bb6 1-0

[Event "Girona-ch Seniors"]
[Site "Salt"]
[Date "2008.02.21"]
[Round "6.1"]
[White "Camos Ramio, Miguel"]
[Black "Cruanas Ruart, Josep"]
[Result "1/2-1/2"]
[WhiteElo "2092"]
[BlackElo "2089"]
[PlyCount "30"]
[EventDate "2008.01.17"]
[EventType "swiss"]
[EventRounds "7"]
[EventCountry "ESP"]
[SourceTitle "EXT 2024"]
[Source "ChessBase"]
[SourceDate "2023.10.10"]
[SourceVersion "1"]
[SourceVersionDate "2023.10.10"]
[SourceQuality "1"]

1. d4 Nf6 2. c4 e6 3. Nf3 d5 4. Bg5 h6 5. Bh4 Be7 6. Nc3 0-0 7. e3 b6 8. cxd5 Nxd5 9. Bxe7 Qxe7 10. Nxd5 exd5 11. Rc1 Bb7 12. Bd3 c5 13. 0-0 Nc6 14. Bb1 c4 15. Re1 f5 1/2-1/2

[Event "Gironi-ch A"]
[Site "Sant Gregori"]
[Date "2007.11.18"]
[Round "7.8"]
[White "Cruanas Ruart, Josep"]
[Black "Van Arkel, Johannes"]
[Result "1/2-1/2"]
[WhiteElo "2043"]
[BlackElo "1897"]
[PlyCount "20"]
[EventDate "2007.10.07"]
[EventType "swiss"]
[EventRounds "8"]
[EventCountry "ESP"]
[SourceTitle "EXT 2024"]
[Source "ChessBase"]
[SourceDate "2023.10.10"]
[SourceVersion "1"]
[SourceVersionDate "2023.10.10"]
[SourceQuality "1"]

1. e4 Nc6 2. Nf3 d6 3. Bc4 Nf6 4. Nc3 Bg4 5. d4 e5 6. dxe5 Nxe5 7. Be2 Nxf3+ 8. Bxf3 Qd7 9. Bg5 Be7 10. Bxg4 Qxg4 1/2-1/2

[Event "Gironi-ch A"]
[Site "Sant Gregori"]
[Date "2007.11.04"]
[Round "5.8"]
[White "Cruanas Ruart, Josep"]
[Black "Diaz Comas, Jordi"]
[Result "1/2-1/2"]
[WhiteElo "2043"]
[BlackElo "1941"]
[PlyCount "24"]
[EventDate "2007.10.07"]
[EventType "swiss"]
[EventRounds "8"]
[EventCountry "ESP"]
[SourceTitle "EXT 2024"]
[Source "ChessBase"]
[SourceDate "2023.10.10"]
[SourceVersion "1"]
[SourceVersionDate "2023.10.10"]
[SourceQuality "1"]

1. e4 Nf6 2. Nc3 d5 3. exd5 Nxd5 4. Bc4 c6 5. Qf3 e6 6. Nge2 Nd7 7. d4 Be7 8. Qg3 Nxc3 9. Nxc3 Nb6 10. Bd3 Qxd4 11. Be3 Qf6 12. 0-0-0 0-0 1/2-1/2

[Event "Girona-chA"]
[Site "Girona"]
[Date "2004.??.??"]
[Round "1"]
[White "Cruanas Ruart, Josep"]
[Black "Vidal Zamora, Alex"]
[Result "1-0"]
[WhiteElo "2130"]
[BlackElo "1910"]
[PlyCount "65"]
[EventDate "2004.??.??"]
[EventType "swiss"]
[EventRounds "9"]
[EventCountry "ESP"]
[SourceTitle "EXT 2007"]
[Source "ChessBase"]
[SourceDate "2006.11.23"]
[SourceVersion "1"]
[SourceVersionDate "2006.11.23"]
[SourceQuality "1"]

1. e4 c5 2. Nf3 e6 3. d4 cxd4 4. Nxd4 Nf6 5. Nc3 Bb4 6. Bd3 a6 7. 0-0 Bxc3 8. bxc3 Qc7 9. c4 b6 10. f4 d6 11. Qe1 Qc5 12. Be3 Ng4 13. Nxe6 Qxe3+ 14. Qxe3 Nxe3 15. Nc7+ Kd7 16. Nxa8 Nxf1 17. Nxb6+ Kc6 18. Nxc8 Rxc8 19. Rxf1 Kc5 20. e5 dxe5 21. fxe5 Nd7 22. Rxf7 Nxe5 23. Rxg7 Nxd3 24. cxd3 Kb4 25. Rxh7 a5 26. Rf7 Rd8 27. Rf3 a4 28. g4 Ka3 29. Rf2 Rxd3 30. Rc2 Rd4 31. h3 Rd1+ 32. Kg2 Ra1 33. c5 1-0

[Event "Girona-chA"]
[Site "Girona"]
[Date "2004.??.??"]
[Round "4"]
[White "Felipe Cuyas, Josep Lluis"]
[Black "Cruanas Ruart, Josep"]
[Result "0-1"]
[WhiteElo "2005"]
[BlackElo "2130"]
[PlyCount "112"]
[EventDate "2004.??.??"]
[EventType "swiss"]
[EventRounds "9"]
[EventCountry "ESP"]
[SourceTitle "EXT 2007"]
[Source "ChessBase"]
[SourceDate "2006.11.23"]
[SourceVersion "1"]
[SourceVersionDate "2006.11.23"]
[SourceQuality "1"]

1. e4 c5 2. Nf3 g6 3. Bc4 Bg7 4. d3 Nc6 5. a3 d6 6. c3 Nf6 7. h3 a6 8. a4 Na5 9. Ba2 Qc7 10. Na3 Bd7 11. Nc4 Nxc4 12. Bxc4 0-0 13. 0-0 b5 14. Bb3 c4 15. Bc2 bxa4 16. d4 Qb7 17. Re1 Bb5 18. Nd2 e5 19. d5 Nd7 20. Bxa4 Nc5 21. Bc2 a5 22. Kh1 a4 23. Nb1 Nb3 24. Ra3 Nxc1 25. Qxc1 Bd7 26. Re2 f5 27. f3 fxe4 28. fxe4 Rf4 29. Re1 Qb6 30. Nd2 Qf2 31. Rf1 Qg3 32. Rxf4 exf4 33. Qf1 g5 34. Bd1 g4 35. hxg4 Rf8 36. Nf3 Bxg4 37. Rxa4 Rf6 38. Ra8+ Bf8 39. Ra1 h5 40. Qe1 h4 41. Qxg3 fxg3 42. Be2 Rf4 43. Rf1 Rxe4 44. Bd1 Bh6 45. Ng1 Bc8 46. Bf3 Re5 47. Rd1 Bb7 48. Bg4 Kg7 49. Bf3 Re3 50. Ne2 Rd3 51. Rxd3 cxd3 52. Nd4 d2 53. Nf5+ Kg6 54. Nxh6 Bxd5 55. Bd1 Kxh6 56. Kg1 Bc4 0-1